00576nam a2200169Ia 4500003000900000008004100009040001600050080002200066110003100088245016100119250001200280260004800292300000800340650002700348650002000375650001100395IN-BaIIA211028s9999 xx 000 0 eng d cIIA Library a69.01:624bIND-23 aBureau of Indian Standards 0aIndian standard: method of measurement of building and civil engineering worksbpt. 23, pilingcBureau of Indian Standards  a4th ed. aNew DelhibBureau of Indian Standardsc2008 a5p. acivil engineering work aIndian standard aPiling